|
|
|
|
| LEADER |
00000nab a2200000 a 4500 |
| 001 |
vtls000500352 |
| 003 |
SK-MaSNL |
| 005 |
20260304094207.0 |
| 008 |
250425c1993 xo 0 slo |
| 015 |
|
|
|a SNBRB19rr/mm-uuuuu
|
| 035 |
|
|
|a CL0500490
|
| 035 |
|
|
|a (urnnbn)urn:nbn:sk:snk:ar-002a9v
|
| 035 |
|
|
|a (uuid)0466aee7-7990-475d-9024-4043ad9d3195
|
| 035 |
|
|
|a urn:nbn:sk:snk-ab7ria
|
| 040 |
|
|
|a SNKBUCL
|b slo
|c SNKBUCL
|e AACR2
|
| 041 |
0 |
|
|a slo
|
| 044 |
|
|
|a xo
|c SK
|
| 080 |
|
|
|a 55-051
|2 1981
|
| 080 |
|
|
|a 929 Štúr, Dionýz
|2 1981
|
| 080 |
|
|
|a 58-051
|2 1981
|
| 100 |
1 |
|
|a Miko, Oto
|4 aut
|9 5370
|
| 245 |
1 |
0 |
|a Podoby Dionýza Štúra (1827-1893)
|c Oto Miko, Eva Nelišerová
|
| 300 |
|
|
|b Fotogr. 4
|
| 600 |
1 |
7 |
|a Štúr, Dionýz,
|d 1827-1893
|2 snkbucl
|9 123062
|
| 655 |
|
7 |
|a články z novín a časopisov
|2 snkbucl
|9 267496
|
| 700 |
1 |
|
|a Nelišerová, Eva
|4 aut
|9 205454
|
| 773 |
0 |
|
|t Pamiatky a múzeá
|g Č. 6 (1993), s. 38-39
|
| 850 |
|
|
|a Slovenská národná knižnica
|
| 852 |
|
|
|a Slovenská národná knižnica
|
| 954 |
|
|
|a odborná, vedecká literatúra pôvodná (slovenská)
|2 lita
|
| 958 |
|
|
|a article9
|
| 958 |
|
|
|a BX
|
| 958 |
|
|
|a RK
|
| 958 |
|
|
|a OND
|
| 958 |
|
|
|a EUIPO
|
| 992 |
|
|
|a RBX
|
| 999 |
|
|
|c 2826021
|d 2827951
|